000 00484nam a2200217Ia 4500
003 OSt
005 20220924142613.0
006 a|||||r|||| 00| 0
007 ta
008 ASM
024 _a302627
037 _cTextual
040 _aARTS
_cARTS
_bASM
041 _2ASM
_aASM
082 _aV2:51jM76, 158L5
245 0 _aNabin chandra baradalay
260 _c1975
650 _aHISTORY
942 _hV2:51jM76, 158L5
_cTEXL
_2CC
999 _c451316
_d451316